000 00600nam a22001817a 4500
003 UA-OsUOA
001 14641
007 ta
008 20031014b un ||||| |||| 00| 0 ukr d
100 _aГаврильчук В.
942 _cSA
040 _aUA-OsUOA
_cUA-OsUOA
_dUA-OsUOA
245 _aКоли душа багата милосердям: [Про роботу міськ. орг. Т-ва Червоного Христа]
300 _aС.2
955 _a0
773 0 _w0
_tВісті Рівненщини
_dРівне
_d2003
_g№83/8 жовт./
650 7 _aКраєзнавча робота
_2UDC
999 _c300805
_d300805